| 000 | 00696nam a2200193 a 4500 | ||
|---|---|---|---|
| 003 | 0 | ||
| 005 | 20250415135556.0 | ||
| 008 | 060801s19uu xx 00 eng d | ||
| 050 |
_aPHS HQ 756 _b.J67 2006 |
||
| 100 | _aJose, Joemar M. | ||
| 245 |
_aThe Effects of paternal absentia on the behavior of S.I.S.C. students / _cJoemar M. Jose. |
||
| 260 |
_aLas PiƱas City, Philippines : _bSouthville International School and Colleges, _c2006. |
||
| 300 |
_a44 pages ; _c28 cm. |
||
| 504 | _aIncludes bibliographical references. | ||
| 650 |
_aFatherless families _xPsychological aspects. |
||
| 650 |
_aHigh school students _xBehavior. |
||
| 650 |
_aParent and child _xPhilippines. |
||
| 942 |
_2lcc _cPASS |
||
| 999 |
_c97622 _d97622 |
||